000 00296nam a22001337a 4500
008 181011b xxu||||| |||| 00| 0 eng d
020 _a9780321977076
041 _aeng
080 _213th
_a510
100 _a36
101 _aMAT
245 _aMathematical Ideas
_cMiller,Ch.D
942 _2udc
_cBK
999 _c49383
_d49383